[Event "XXIX European Club Cup"]
[Site "Rodi GRE"]
[Date "2013.10.20"]
[Round "1"]
[White "Caruana, Fabiano"]
[Black "Agdestein, Simen"]
[WhiteElo "2779"]
[BlackElo "2603"]
[Result "1/2-1/2"]
[PlyCount "104"]
[EventDate "2013.10.20"]

1. e4 e6 2. d4 d5 3. Nc3 Nf6 4. e5 Nfd7 5. f4 c5 6. Nf3 Nc6 7. Be3 cxd4 8. Nxd4
Qb6 9. Qd2 Qxb2 10. Rb1 Qa3 11. Bb5 Nxd4 12. Bxd4 a6 13. Bxd7+ Bxd7 14. Rb3 Qe7
15. Rxb7 Qh4+ 16. Bf2 Qd8 17. Bb6 Qc8 18. Rc7 Qd8 19. Qd4 Ba3 20. Nb1 Be7 21.
c4 Rc8 22. Rb7 Bb4+ 23. Kf2 Qxb6 24. Rxb6 Bc5 25. Rd1 dxc4 26. Nc3 Bxd4+ 27.
Rxd4 Rc7 28. Rxa6 Ke7 29. Rb6 Ra8 30. Ke3 Ra3 31. Kd2 Ra5 32. h4 h5 33. Rb8 f6
34. exf6+ gxf6 35. g3 e5 36. fxe5 fxe5 37. Rd5 Rca7 38. Rh8 Be8 39. a4 Bf7 40.
Rb5 Rxb5 41. axb5 Rd7+ 42. Kc2 e4 43. b6 e3 44. Ra8 Bg6+ 45. Kc1 Bf5 46. Ra5
Ke6 47. Rb5 Rd8 48. Nd5 Be4 49. Nxe3 Rd3 50. Nf5 Kf6 51. b7 Bxb7 52. Rxb7 Kxf5
1/2-1/2

[Event "XXIX European Club Cup"]
[Site "Rodi GRE"]
[Date "2013.10.20"]
[Round "1"]
[White "Dvirnyy, Danyyil"]
[Black "Gupta, Milon"]
[WhiteElo "2568"]
[BlackElo "2287"]
[Result "0-1"]
[PlyCount "126"]
[EventDate "2013.10.20"]

1. Nf3 Nf6 2. c4 g6 3. Nc3 d5 4. cxd5 Nxd5 5. g3 Bg7 6. Bg2 O-O 7. O-O c5 8.
Qa4 Nb6 9. Qh4 e6 10. Qxd8 Rxd8 11. d3 Nd5 12. Bg5 f6 13. Bd2 Nc6 14. Rfc1 Bf8
15. a3 Bd7 16. Rab1 Rac8 17. h4 b6 18. Kf1 Kf7 19. Ne1 Nce7 20. Na2 Nc6 21. Nc3
Nce7 22. Nc2 Nxc3 23. bxc3 Bc6 24. c4 Nf5 25. a4 Bxg2+ 26. Kxg2 Bd6 27. a5 Bc7
28. Na3 Nd6 29. Nb5 Nxb5 30. Rxb5 Rd6 31. Ra1 Rc6 32. axb6 Bxb6 33. Kf3 e5 34.
Ra6 R8c7 35. Bc3 Ke6 36. Ke3 Kf5 37. Rb1 Re7 38. f3 h5 39. Rg1 Ke6 40. f4 exf4+
41. gxf4 Kf7+ 42. Kf3 Rce6 43. e4 Rd7 44. Ke2 Red6 45. Rd1 Re6 46. Ba5 Red6 47.
Bc3 Re6 48. Bd2 Red6 49. Be3 Ke6 50. Ra3 Rc6 51. Rda1 Rcd6 52. Rf1 Rc6 53. f5+
gxf5 54. Rxf5 Rh7 55. Ra6 Kd7 56. Ra1 Ke6 57. Raf1 Ke7 58. Rd5 Rg7 59. Rff5 Ke6
60. Bxc5 Rg2+ 61. Kf3 Rh2 62. Bxb6 Rxb6 63. e5 Kxf5 0-1

[Event "XXIX European Club Cup"]
[Site "Rodi GRE"]
[Date "2013.10.20"]
[Round "1"]
[White "Godena, Michele"]
[Black "Michalczak, Thomas"]
[WhiteElo "2514"]
[BlackElo "2305"]
[Result "1/2-1/2"]
[PlyCount "81"]
[EventDate "2013.10.20"]

1. e4 e5 2. Nf3 Nc6 3. Bc4 Nf6 4. d3 Bc5 5. c3 a6 6. Bb3 Ba7 7. h3 d6 8. Nbd2
O-O 9. Nf1 d5 10. Qe2 dxe4 11. dxe4 Qe7 12. Ng3 Be6 13. Bc2 b5 14. Nh4 Qd7 15.
Nhf5 Ne7 16. Bg5 Nxf5 17. Nxf5 Bxf5 18. exf5 Rfe8 19. Bxf6 gxf6 20. Rd1 Qe7 21.
O-O Rad8 22. Be4 Rxd1 23. Rxd1 Rd8 24. b4 Rxd1+ 25. Qxd1 c5 26. a3 cxb4 27.
axb4 Qc7 28. Qd2 a5 29. bxa5 Qxa5 30. Bd5 Bd4 31. Qa2 Qxc3 32. Bxf7+ Kg7 33.
Be8 Qc1+ 34. Kh2 Qf4+ 35. g3 Qxf2+ 36. Qxf2 Bxf2 37. Bxb5 Be3 38. Kg2 Bc1 39.
Kf3 Bd2 40. g4 h6 41. Ke4 1/2-1/2

[Event "XXIX European Club Cup"]
[Site "Rodi GRE"]
[Date "2013.10.20"]
[Round "1"]
[White "Harikrishna, Pentala"]
[Black "Wegerle, Joerg"]
[WhiteElo "2709"]
[BlackElo "2438"]
[Result "1-0"]
[PlyCount "73"]
[EventDate "2013.10.20"]

1. e4 e6 2. d4 d5 3. Nc3 dxe4 4. Nxe4 Bd7 5. Nf3 Bc6 6. Bd3 Nd7 7. O-O Ngf6 8.
Ned2 g6 9. b3 Bg7 10. Ba3 Bf8 11. Bb2 Bg7 12. Nc4 O-O 13. Na5 Bd5 14. c4 Bxf3
15. Qxf3 c6 16. b4 Qc7 17. Rad1 Rac8 18. Rfe1 b6 19. Nb3 Rfe8 20. Bf1 e5 21. g3
e4 22. Qe2 Bh6 23. Bg2 Qd6 24. a3 Nh5 25. Bxe4 Re7 26. Qf1 Rce8 27. Bf3 Rxe1
28. Rxe1 Rxe1 29. Qxe1 Nhf6 30. c5 Qc7 31. b5 Nd5 32. Qe8+ Bf8 33. Qa8 N7f6 34.
Bc1 Kg7 35. Qxc6 Qxc6 36. bxc6 Be7 37. Bf4 1-0

[Event "XXIX European Club Cup"]
[Site "Rodi GRE"]
[Date "2013.10.20"]
[Round "1"]
[White "Kniest, Oliver"]
[Black "Vocaturo, Daniele"]
[WhiteElo "2305"]
[BlackElo "2557"]
[Result "0-1"]
[PlyCount "78"]
[EventDate "2013.10.20"]

1. d4 Nf6 2. c4 g6 3. Nc3 Bg7 4. e4 d6 5. f4 O-O 6. Nf3 c5 7. d5 Bg4 8. Be2 e6
9. O-O exd5 10. cxd5 Re8 11. h3 Bxf3 12. Bxf3 Nbd7 13. Re1 Qa5 14. Be3 Nb6 15.
Qb3 Nfd7 16. Kh1 c4 17. Qc2 Nc5 18. Bxc5 Qxc5 19. Rac1 Qc7 20. Na4 Nc8 21. b3
b5 22. Nb2 c3 23. Nd3 a5 24. a3 Rb8 25. b4 axb4 26. Nxb4 Ra8 27. Qb3 Qc4 28.
Qxc4 bxc4 29. Nc2 Nb6 30. Re3 Nd7 31. Be2 Ra4 32. Rb1 Rea8 33. Bg4 Nc5 34. e5
h5 35. Be2 Bh6 36. exd6 Bxf4 37. Rxc3 Ne4 38. Rxc4 Ng3+ 39. Kg1 Nxe2+ 0-1

[Event "XXIX European Club Cup"]
[Site "Rodi GRE"]
[Date "2013.10.20"]
[Round "1"]
[White "Peschel, Andreas"]
[Black "Valsecchi, Alessio"]
[WhiteElo "2106"]
[BlackElo "2440"]
[Result "0-1"]
[PlyCount "72"]
[EventDate "2013.10.20"]

1. d4 Nf6 2. Nf3 g6 3. Nc3 d5 4. Bf4 Bg7 5. e3 O-O 6. Be2 c5 7. O-O cxd4 8.
exd4 Nc6 9. Ne5 Qb6 10. Nxc6 bxc6 11. Na4 Qd8 12. Nc5 Nd7 13. Nxd7 Qxd7 14. c3
f6 15. Qd2 e5 16. Bh6 Bxh6 17. Qxh6 a5 18. Qe3 Qd6 19. h4 Rb8 20. b3 Rb7 21.
Rfd1 Re7 22. Qd2 e4 23. c4 Ra7 24. cxd5 cxd5 25. Rdc1 f5 26. Rc5 Raf7 27. Qxa5
Bb7 28. Rac1 Qf6 29. Qb4 Qxh4 30. Rc7 Qg5 31. R1c5 f4 32. Qxb7 f3 33. Bxf3 exf3
34. g3 Qd2 35. Qxd5 Qe1+ 36. Kh2 Qf1 0-1

[Event "XXIX European Club Cup"]
[Site "Rodi GRE"]
[Date "2013.10.20"]
[Round "1"]
[White "Schaefer, Markus"]
[Black "Georgiev, Kiril D."]
[WhiteElo "2404"]
[BlackElo "2664"]
[Result "1/2-1/2"]
[PlyCount "93"]
[EventDate "2013.10.20"]

1. e4 e5 2. Nf3 Nc6 3. Bc4 Bc5 4. c3 Nf6 5. d4 exd4 6. cxd4 Bb4+ 7. Bd2 Bxd2+
8. Nbxd2 d5 9. exd5 Nxd5 10. Qb3 Nce7 11. O-O O-O 12. Rfe1 c6 13. Ne4 Ng6 14.
Bxd5 Qxd5 15. Qxd5 cxd5 16. Nc3 Be6 17. Ng5 Rfe8 18. Re3 Nf8 19. Nxe6 Nxe6 20.
Rd1 Rad8 21. Re5 Nxd4 22. Rxe8+ Rxe8 23. Kf1 Nc6 24. Rxd5 Kf8 25. f3 Ke7 26.
Ne4 g6 27. Nc5 Rd8 28. Rxd8 Nxd8 29. Ke2 f5 30. Ke3 Kd6 31. Nd3 Ne6 32. g4 a5
33. gxf5 gxf5 34. Nf4 Nc5 35. Ne2 Ke5 36. f4+ Kd5 37. Ng3 Na4 38. b3 Nc3 39. a4
Ke6 40. Kd4 Nd5 41. Nxf5 Nxf4 42. Ne3 b6 43. Ke4 Ne2 44. Kd3 Nf4+ 45. Ke4 Ne2
46. Kd3 Nf4+ 47. Ke4 1/2-1/2

[Event "XXIX European Club Cup"]
[Site "Rodi GRE"]
[Date "2013.10.20"]
[Round "1"]
[White "Buhmann, Rainer"]
[Black "David, Alberto"]
[WhiteElo "2582"]
[BlackElo "2574"]
[Result "0-1"]
[PlyCount "126"]
[EventDate "2013.10.20"]

1. Nf3 Nf6 2. c4 b6 3. Nc3 Bb7 4. d4 e6 5. a3 g6 6. d5 Bg7 7. e4 O-O 8. Be2 c6
9. O-O cxd5 10. exd5 Na6 11. Be3 Nc5 12. Rc1 Nfe4 13. Nxe4 Nxe4 14. Bd4 Bh6 15.
Rc2 Rc8 16. dxe6 dxe6 17. b4 Qe7 18. Qa1 f6 19. Re1 e5 20. Bb2 Rfd8 21. Bc1 Bg7
22. Nd2 Nd6 23. Bb2 Bh6 24. Nf1 Be4 25. Rc3 Qb7 26. f3 Bf5 27. Rd1 Be6 28. c5
bxc5 29. bxc5 Nb5 30. Bc4 Qc6 31. Bxe6+ Qxe6 32. Rc2 Qb3 33. Qb1 Rxd1 34. Qxd1
Bf8 35. Nd2 Qd3 36. Kh1 Rxc5 37. Rxc5 Bxc5 38. a4 Nd6 39. Qb3+ Qxb3 40. Nxb3
Bb4 41. Bc1 Nc4 42. Kg1 a6 43. f4 Kf7 44. fxe5 fxe5 45. Bg5 Nb6 46. a5 Nc4 47.
Bd8 Nd2 48. Nxd2 Bxd2 49. Kf2 Ke6 50. Ke2 Bb4 51. Kd3 Kd5 52. h3 Bc5 53. Bf6
Bd4 54. Bd8 e4+ 55. Ke2 Kc6 56. Be7 Kb5 57. Bd8 Bc3 58. Ke3 Bxa5 59. Bg5 Kc4
60. Kxe4 Bc3 61. h4 a5 62. h5 a4 63. Bc1 Kb3 0-1

[Event "XXIX European Club Cup"]
[Site "Rodi GRE"]
[Date "2013.10.20"]
[Round "1"]
[White "Buchanan, Walter F."]
[Black "De Filomeno, Simone"]
[WhiteElo "2122"]
[BlackElo "2422"]
[Result "1/2-1/2"]
[PlyCount "97"]
[EventDate "2013.10.20"]

1. d4 d5 2. Nf3 Nf6 3. e3 Bf5 4. c4 c6 5. Qb3 Qb6 6. Nc3 e6 7. c5 Qc7 8. g3 Be7
9. Bg2 O-O 10. O-O Nbd7 11. Nh4 Bg4 12. Bd2 b6 13. cxb6 Nxb6 14. Qc2 c5 15.
dxc5 Qxc5 16. Rfc1 Rac8 17. b3 Nfd7 18. Qd3 Ne5 19. Qa6 Qa3 20. Qf1 Bxh4 21.
gxh4 Qb2 22. Be1 Bf5 23. Qe2 Qa3 24. e4 dxe4 25. Bxe4 Bxe4 26. Qxe4 Ned7 27.
Bd2 Nf6 28. Qf3 Rc5 29. Bg5 Rfc8 30. Bxf6 gxf6 31. Qxf6 Qb4 32. Ne2 Qg4+ 33.
Kf1 Rxc1+ 34. Nxc1 Rc5 35. Ne2 Qh3+ 36. Ke1 Qxh2 37. Qd8+ Kg7 38. Qd4+ Re5 39.
Kd2 f6 40. Rg1+ Kf7 41. Qg4 Nd7 42. Qg8+ Ke7 43. Rg7+ Kd6 44. Qf7 Rd5+ 45. Kc2
Rc5+ 46. Kd2 Rd5+ 47. Kc2 Rc5+ 48. Kd2 Rd5+ 49. Kc2 1/2-1/2

[Event "XXIX European Club Cup"]
[Site "Rodi GRE"]
[Date "2013.10.20"]
[Round "1"]
[White "Codenotti, Marco"]
[Black "Neave, George"]
[WhiteElo "2374"]
[BlackElo "2151"]
[Result "1/2-1/2"]
[PlyCount "28"]
[EventDate "2013.10.20"]

1. e4 e5 2. Nf3 Nc6 3. Bb5 Nf6 4. O-O Bc5 5. Nxe5 Nxe5 6. d4 a6 7. Ba4 b5 8.
dxe5 Nxe4 9. Qd5 Qh4 10. g3 Nxg3 11. hxg3 Qxg3+ 12. Kh1 Qh3+ 13. Kg1 Qg3+ 14.
Kh1 Qh3+ 1/2-1/2

[Event "XXIX European Club Cup"]
[Site "Rodi GRE"]
[Date "2013.10.20"]
[Round "1"]
[White "Farrell, Neil"]
[Black "Ronchetti, Niccolo'"]
[WhiteElo "2147"]
[BlackElo "2450"]
[Result "1/2-1/2"]
[PlyCount "93"]
[EventDate "2013.10.20"]

1. d4 d5 2. c4 dxc4 3. Nf3 Nf6 4. e3 e6 5. Bxc4 c5 6. O-O a6 7. Bd3 Nbd7 8. Re1
cxd4 9. exd4 Be7 10. Ne5 O-O 11. Nc3 Nb6 12. a3 Nbd5 13. Bc2 Bd7 14. Qd3 Bc6
15. Bg5 g6 16. Bh6 Re8 17. Qh3 Qd6 18. Rad1 Rac8 19. Bb3 b5 20. Rd3 Bb7 21. Rf3
Nc7 22. Nxf7 Kxf7 23. Bf4 Qd7 24. Bxc7 Kg7 25. Be5 Bxf3 26. Bxe6 Bxg2 27. Bxd7
Bxh3 28. Bxh3 Rcd8 29. Ne4 h6 30. Rc1 Kf7 31. Nc5 Bxc5 32. Rxc5 Ne4 33. Rc6
Rxe5 34. dxe5 Rd1+ 35. Kg2 Rd2 36. Rc7+ Ke8 37. Kf3 Ng5+ 38. Ke3 Rxb2 39. Bg4
h5 40. h4 hxg4 41. hxg5 Ra2 42. Kf4 Rxf2+ 43. Kxg4 Rf5 44. Rc6 Rxe5 45. Rxa6
Kf7 46. Rf6+ Kg7 47. Rb6 1/2-1/2

[Event "XXIX European Club Cup"]
[Site "Rodi GRE"]
[Date "2013.10.20"]
[Round "1"]
[White "Rusev, Krasimir"]
[Black "Grant, Jonathan I.M."]
[WhiteElo "2556"]
[BlackElo "2236"]
[Result "0-1"]
[PlyCount "68"]
[EventDate "2013.10.20"]

1. Nf3 Nf6 2. c4 c5 3. g3 b6 4. Bg2 Bb7 5. O-O e6 6. Nc3 Be7 7. b3 O-O 8. Bb2
d6 9. e3 Nbd7 10. d3 a6 11. Qe2 Qc7 12. Nh4 Rfe8 13. f4 Rad8 14. g4 g6 15. Rae1
Bc6 16. Ba1 d5 17. g5 d4 18. f5 dxc3 19. fxe6 fxe6 20. gxf6 Bxf6 21. Nf3 b5 22.
cxb5 axb5 23. b4 Bxf3 24. Qxf3 cxb4 25. Qg4 Qd6 26. d4 Bg7 27. Qe2 Nf6 28. Rb1
Nd5 29. a3 Nxe3 30. Rxb4 Nxf1 31. Qxf1 Bxd4+ 32. Kh1 Bg7 33. Bf3 Rf8 34. Kg2
Qd2+ 0-1

[Event "XXIX European Club Cup"]
[Site "Rodi GRE"]
[Date "2013.10.21"]
[Round "2"]
[White "Cheparinov, Ivan"]
[Black "Rusev, Krasimir"]
[WhiteElo "2672"]
[BlackElo "2556"]
[Result "1/2-1/2"]
[PlyCount "66"]
[EventDate "2013.10.20"]

1. c4 e6 2. Nc3 Nf6 3. e4 e5 4. f4 d6 5. Nf3 Nc6 6. d3 Be7 7. Be2 Bg4 8. O-O
O-O 9. Be3 a6 10. Kh1 Rb8 11. Nd5 Nxd5 12. cxd5 exf4 13. Bxf4 Bxf3 14. Bxf3 Nd4
15. Be3 Bf6 16. Rc1 c5 17. dxc6 bxc6 18. b3 c5 19. Rc4 Be5 20. Bg4 a5 21. Bd2
Rb4 22. Bxb4 axb4 23. Qd2 Qh4 24. Bh3 Ra8 25. Rcc1 g6 26. Qf2 Qxf2 27. Rxf2 Ra7
28. g3 Kg7 29. Bg4 h6 30. Bd1 Ra3 31. Bg4 Ra7 32. Bd1 Ra3 33. Bg4 Ra7 1/2-1/2

[Event "XXIX European Club Cup"]
[Site "Rodi GRE"]
[Date "2013.10.21"]
[Round "2"]
[White "Popov, Ivan"]
[Black "Costantini, Roberto"]
[WhiteElo "2653"]
[BlackElo "2300"]
[Result "1-0"]
[PlyCount "73"]
[EventDate "2013.10.20"]

1. e4 c5 2. Nf3 d6 3. d4 cxd4 4. Nxd4 Nf6 5. Nc3 a6 6. Be3 e5 7. Nb3 Be6 8. h3
Be7 9. Qf3 O-O 10. O-O-O a5 11. Kb1 Na6 12. g4 Nd7 13. a4 Nb4 14. Nd5 Bxd5 15.
exd5 Bg5 16. h4 Bxe3 17. fxe3 Na6 18. c3 Nac5 19. Nxc5 Nxc5 20. Bb5 e4 21. Qg3
f5 22. g5 Qe7 23. Rhf1 Rad8 24. h5 Kh8 25. Rf2 Nd3 26. Bxd3 exd3 27. Rf4 Qf7
28. g6 Qxd5 29. h6 Qe5 30. hxg7+ Kxg7 31. gxh7+ Kf7 32. Rxd3 Ke6 33. Qg2 d5 34.
Rfd4 Rh8 35. c4 Ke7 36. Rxd5 Rxd5 37. Rxd5 1-0

[Event "XXIX European Club Cup"]
[Site "Rodi GRE"]
[Date "2013.10.21"]
[Round "2"]
[White "Ronchetti, Niccolo'"]
[Black "Zhigalko, Sergei"]
[WhiteElo "2450"]
[BlackElo "2683"]
[Result "1/2-1/2"]
[PlyCount "91"]
[EventDate "2013.10.20"]

1. e4 c5 2. c3 Nf6 3. e5 Nd5 4. d4 cxd4 5. Nf3 Nc6 6. cxd4 d6 7. Bc4 e6 8. O-O
Be7 9. exd6 Qxd6 10. Nc3 O-O 11. Re1 Nxc3 12. bxc3 Bd7 13. Bd3 Rac8 14. Qe2 a6
15. Ng5 Bxg5 16. Bxg5 f5 17. Qd2 Na5 18. Bf4 Qc6 19. Be5 Rf7 20. Re3 Qxc3 21.
Qxc3 Rxc3 22. d5 Rc8 23. dxe6 Bxe6 24. Bxg7 Kxg7 25. Rxe6 Rc3 26. Rd6 Nc4 27.
Rd5 Nb6 28. Rd4 Nc8 29. f4 Na7 30. Re1 Nc6 31. Rd6 Nb4 32. Bb1 Nc2 33. Rc1 Nd4
34. Rxc3 Ne2+ 35. Kf1 Nxc3 36. Bc2 Rc7 37. Bxf5 Nxa2 38. h4 Rf7 39. g4 h5 40.
Kg2 hxg4 41. Rg6+ Kh7 42. Rg5+ Kh6 43. Rg6+ Kh5 44. Rg5+ Kh6 45. Rg6+ Kh5 46.
Rg5+ 1/2-1/2

[Event "XXIX European Club Cup"]
[Site "Rodi GRE"]
[Date "2013.10.21"]
[Round "2"]
[White "Smirnov, Pavel"]
[Black "Codenotti, Marco"]
[WhiteElo "2641"]
[BlackElo "2374"]
[Result "1-0"]
[PlyCount "55"]
[EventDate "2013.10.20"]

1. d4 d5 2. c4 c6 3. cxd5 cxd5 4. Bf4 Nc6 5. e3 Nf6 6. Nc3 Bf5 7. Qb3 Na5 8.
Qa4+ Bd7 9. Qc2 e6 10. Nf3 Be7 11. h3 Rc8 12. Bd3 O-O 13. O-O Nc4 14. Ne5 b5
15. a3 Be8 16. Rfc1 h6 17. Qe2 a6 18. a4 Qb6 19. axb5 Bxb5 20. Nxb5 axb5 21. b3
Nxe5 22. Bxe5 b4 23. Rxc8 Rxc8 24. Qa2 Nd7 25. Bg3 Bd6 26. Qa6 Rc6 27. Bxd6
Rxd6 28. Qc8+ 1-0

[Event "XXIX European Club Cup"]
[Site "Rodi GRE"]
[Date "2013.10.21"]
[Round "2"]
[White "Tomba, Ivan"]
[Black "Kryakvin, Dmitry"]
[WhiteElo "2257"]
[BlackElo "2584"]
[Result "0-1"]
[PlyCount "74"]
[EventDate "2013.10.20"]

1. e4 c5 2. Nf3 Nc6 3. d4 cxd4 4. Nxd4 Nf6 5. Nc3 d6 6. Bc4 e6 7. Be3 Be7 8.
Qe2 O-O 9. Bb3 a6 10. O-O-O Qe8 11. Kb1 b5 12. Nxc6 Qxc6 13. Bd4 b4 14. Nd5
exd5 15. Bxf6 Bxf6 16. Bxd5 Qe8 17. Bxa8 Qe5 18. c4 bxc3 19. Bd5 Be6 20. Qc2
cxb2 21. g3 Bg4 22. Rd3 Rc8 23. f4 Qe7 24. Qd2 Qc7 25. h3 Bxh3 26. Rb3 Qc5 27.
Rb7 Be6 28. Bxe6 fxe6 29. Rb3 Qc4 30. Re3 Bd4 31. Re2 Rc5 32. Qc2 Qb5 33. Qd2
Qa4 34. Qd3 Ra5 35. a3 Qxa3 36. Qxa3 Rxa3 37. Kc2 Rxg3 0-1

[Event "XXIX European Club Cup"]
[Site "Rodi GRE"]
[Date "2013.10.21"]
[Round "2"]
[White "Georgiev, Kiril D."]
[Black "Kanmazalp, Ogulcan"]
[WhiteElo "2664"]
[BlackElo "2417"]
[Result "1-0"]
[PlyCount "55"]
[EventDate "2013.10.20"]

1. Nf3 Nf6 2. c4 g6 3. Nc3 d5 4. cxd5 Nxd5 5. h4 Bg7 6. h5 Nc6 7. d4 Bg4 8. h6
Bf6 9. e3 O-O 10. Be2 Nb6 11. O-O Qc8 12. d5 Rd8 13. e4 e6 14. Bg5 Bxg5 15.
Nxg5 Bxe2 16. Qxe2 exd5 17. Qf3 Rd7 18. exd5 Nd4 19. Qf4 c5 20. dxc6 Qxc6 21.
Rae1 f6 22. Nge4 Rf8 23. Ng3 Nc4 24. Nce4 g5 25. Qg4 Ne5 26. Nxf6+ Qxf6 27.
Rxe5 Qxe5 28. Qxd7 1-0

[Event "XXIX European Club Cup"]
[Site "Rodi GRE"]
[Date "2013.10.21"]
[Round "2"]
[White "Valsecchi, Alessio"]
[Black "Apaydin, Fethi"]
[WhiteElo "2440"]
[BlackElo "2246"]
[Result "1-0"]
[PlyCount "111"]
[EventDate "2013.10.20"]

1. e4 c5 2. c3 d6 3. d4 Nf6 4. Bd3 Qc7 5. h3 g6 6. Nf3 Nbd7 7. O-O Bg7 8. Qe2
e5 9. a4 O-O 10. Na3 Re8 11. dxe5 Nxe5 12. Nxe5 dxe5 13. Rd1 Nh5 14. Bb5 Rf8
15. Bc4 Nf4 16. Qf3 a6 17. Be3 Kh8 18. Bxf4 exf4 19. Bd5 Rb8 20. a5 f5 21. Nc4
fxe4 22. Bxe4 Be6 23. Nb6 Be5 24. Rd2 Qg7 25. Re1 g5 26. Qh5 Rf6 27. Qxh7+ Qxh7
28. Bxh7 Bc7 29. Nd7 Bxd7 30. Rxd7 Bxa5 31. Bc2 Rh6 32. Re5 Rg8 33. Rxb7 Bd8
34. Re6 Rh4 35. Rxa6 g4 36. hxg4 Re8 37. f3 Re1+ 38. Kf2 Rhh1 39. Rh7+ Rxh7 40.
Kxe1 Rh1+ 41. Kd2 Kg7 42. Rc6 Be7 43. Be4 Rg1 44. Kd3 Rxg2 45. Rb6 Bh4 46. Kc4
Bf2 47. Kd5 Be3 48. Ke5 Bc1 49. Rb7+ Kf8 50. Kf6 Rxb2 51. Rf7+ Ke8 52. Bc6+ Kd8
53. Ke6 Be3 54. Kd6 Rd2+ 55. Bd5 Ke8 56. Rg7 1-0

[Event "XXIX European Club Cup"]
[Site "Rodi GRE"]
[Date "2013.10.21"]
[Round "2"]
[White "Vocaturo, Daniele"]
[Black "Atakisi, Umut"]
[WhiteElo "2557"]
[BlackElo "2346"]
[Result "1-0"]
[PlyCount "69"]
[EventDate "2013.10.20"]

1. e4 c5 2. Nf3 d6 3. d4 cxd4 4. Nxd4 Nf6 5. Nc3 Nc6 6. Bg5 Bd7 7. Qd2 Rc8 8.
f4 h6 9. Bxf6 gxf6 10. Nf5 Qa5 11. Bd3 Nb4 12. a3 e6 13. Ne3 Nxd3+ 14. Qxd3 Qc5
15. O-O-O h5 16. Rhe1 b5 17. e5 f5 18. exd6 Kd8 19. Kb1 Bg7 20. Na2 Bc6 21. b4
Qb6 22. Nxf5 Bf6 23. Ne7 Bxe7 24. dxe7+ Kxe7 25. Qd6+ Kf6 26. Qe5+ Ke7 27. Qg7
Bb7 28. Qg5+ Kf8 29. Rd7 Re8 30. Nc3 a6 31. Red1 Bc6 32. Qe5 Bxd7 33. Qxh8+ Ke7
34. Qe5 Bc6 35. Qd6+ 1-0

[Event "XXIX European Club Cup"]
[Site "Rodi GRE"]
[Date "2013.10.21"]
[Round "2"]
[White "Yilmazyerli, Mert"]
[Black "Godena, Michele"]
[WhiteElo "2414"]
[BlackElo "2514"]
[Result "1/2-1/2"]
[PlyCount "87"]
[EventDate "2013.10.20"]

1. e4 e5 2. Nc3 Nf6 3. g3 d5 4. exd5 Nxd5 5. Bg2 Nxc3 6. bxc3 Bd6 7. Nf3 O-O 8.
O-O Nc6 9. Rb1 Rb8 10. d4 h6 11. Be3 b6 12. Nd2 Na5 13. Qh5 Qf6 14. Be4 Ba6 15.
Bd3 Bxd3 16. cxd3 exd4 17. Bxd4 Qg5 18. Qxg5 hxg5 19. Ne4 Be7 20. Be3 f6 21. f4
gxf4 22. Bxf4 Rbd8 23. d4 Rd7 24. Rbe1 Nc4 25. g4 f5 26. gxf5 Rxf5 27. Bg3 Rf7
28. Rxf7 Kxf7 29. Kf2 Bd6 30. h4 Bxg3+ 31. Kxg3 Nd6 32. Ng5+ Kf6 33. Kg4 g6 34.
Re6+ Kg7 35. Nf3 Nb5 36. Re3 c5 37. dxc5 bxc5 38. a4 Nc7 39. c4 Kf6 40. Ng5
Rd4+ 41. Kg3 Rxc4 42. Ne4+ Kg7 43. Nd2 Rc2 44. Re7+ 1/2-1/2

[Event "XXIX European Club Cup"]
[Site "Rodi GRE"]
[Date "2013.10.22"]
[Round "3"]
[White "Agdestein, Simen"]
[Black "David, Alberto"]
[WhiteElo "2603"]
[BlackElo "2574"]
[Result "1/2-1/2"]
[PlyCount "87"]
[EventDate "2013.10.20"]

1. d4 Nf6 2. c4 e6 3. Nf3 b6 4. g3 Bb7 5. Bg2 g6 6. Bf4 Bg7 7. Qc1 h6 8. O-O g5
9. Bd2 d6 10. Nc3 Ne4 11. h4 Nxd2 12. Qxd2 g4 13. Nh2 Bxg2 14. Kxg2 Nc6 15. e3
h5 16. f3 Qd7 17. fxg4 hxg4 18. Nxg4 f5 19. Nf2 O-O-O 20. Rh1 Rdg8 21. Ne2 Bh6
22. Rh3 e5 23. dxe5 Nxe5 24. Qd5 c6 25. Qd4 c5 26. Qd5 Qb7 27. Qxb7+ Kxb7 28.
b3 Bxe3 29. Rf1 Rh5 30. Nc3 f4 31. Nfe4 Rh6 32. Nb5 Rgg6 33. h5 Rg8 34. Nbxd6+
Kb8 35. Nf5 Rhh8 36. Kh1 Nd3 37. h6 Re8 38. Nfd6 Re6 39. h7 fxg3 40. Rxg3 Rxh7+
41. Kg2 Bf4 42. Rxd3 Bxd6 43. Nxd6 Rg7+ 44. Rg3 1/2-1/2

[Event "XXIX European Club Cup"]
[Site "Rodi GRE"]
[Date "2013.10.22"]
[Round "3"]
[White "Costantini, Roberto"]
[Black "Hokkanen, Petri"]
[WhiteElo "2300"]
[BlackElo "2301"]
[Result "1-0"]
[PlyCount "33"]
[EventDate "2013.10.20"]

1. e4 d6 2. d4 Nf6 3. Nc3 g6 4. Be3 c6 5. h3 b5 6. Bd3 b4 7. Nce2 Qa5 8. Nf3
Nbd7 9. O-O Bg7 10. a3 bxa3 11. Rxa3 Qc7 12. Qd2 O-O 13. Ng3 Nb6 14. Bh6 c5 15.
e5 Nfd5 16. Bxg7 Kxg7 17. Nh5+ 1-0

[Event "XXIX European Club Cup"]
[Site "Rodi GRE"]
[Date "2013.10.22"]
[Round "3"]
[White "Nyback, Jukka"]
[Black "Tomba, Ivan"]
[WhiteElo "2150"]
[BlackElo "2257"]
[Result "1-0"]
[PlyCount "45"]
[EventDate "2013.10.20"]

1. d4 d5 2. Nf3 c6 3. Bf4 Nf6 4. e3 Bf5 5. Bd3 Bxd3 6. Qxd3 e6 7. Nbd2 Nbd7 8.
h3 Be7 9. Ne5 O-O 10. g4 Nxe5 11. dxe5 Nd7 12. O-O-O Nc5 13. Qe2 Na4 14. c3 Qb6
15. Nf3 Qa5 16. Qc2 c5 17. h4 f6 18. exf6 gxf6 19. g5 f5 20. g6 Nb6 21. gxh7+
Kh8 22. Ne5 Kxh7 23. Qe2 1-0

[Event "XXIX European Club Cup"]
[Site "Rodi GRE"]
[Date "2013.10.22"]
[Round "3"]
[White "Nyysti, Sampsa"]
[Black "Ronchetti, Niccolo'"]
[WhiteElo "2358"]
[BlackElo "2450"]
[Result "0-1"]
[PlyCount "70"]
[EventDate "2013.10.20"]

1. e4 c5 2. Nf3 g6 3. c3 d5 4. exd5 Qxd5 5. d4 Bg7 6. Na3 cxd4 7. Bc4 Qe4+ 8.
Be3 Nh6 9. cxd4 O-O 10. O-O Nf5 11. Qb3 Nd6 12. Rfe1 Nxc4 13. Bh6 Na5 14. Rxe4
Nxb3 15. Bxg7 Nxa1 16. Bxf8 Kxf8 17. Re1 Nc6 18. Rxa1 Bg4 19. Ne5 Nxe5 20. dxe5
Rd8 21. Kf1 Rd2 22. Nc4 Rc2 23. Ne3 Be2+ 24. Ke1 Rxb2 25. Rc1 Ba6 26. Rc8+ Kg7
27. Rc7 Rxa2 28. Rxe7 Re2+ 29. Kd1 Rxf2 30. h3 Re2 31. Ng4 Rxg2 32. e6 Be2+ 33.
Ke1 Bxg4 34. Rxf7+ Kh6 35. hxg4 Rxg4 0-1

[Event "XXIX European Club Cup"]
[Site "Rodi GRE"]
[Date "2013.10.22"]
[Round "3"]
[White "Paakkonen, Timo"]
[Black "De Filomeno, Simone"]
[WhiteElo "2290"]
[BlackElo "2422"]
[Result "0-1"]
[PlyCount "104"]
[EventDate "2013.10.20"]

1. e4 c5 2. Nc3 d6 3. Nf3 a6 4. g3 Nf6 5. Bg2 g6 6. O-O Bg7 7. d4 cxd4 8. Nxd4
Bg4 9. f3 Bd7 10. Be3 O-O 11. Nd5 e6 12. Nxf6+ Bxf6 13. Rf2 Nc6 14. c4 Qc7 15.
Rc1 Rfd8 16. b3 Be8 17. f4 Rac8 18. h4 Bg7 19. Kh2 Qa5 20. f5 Qe5 21. Nxc6 Bxc6
22. Bf4 Qc5 23. Qd2 exf5 24. b4 Qd4 25. exf5 Bxg2 26. Qxd4 Bxd4 27. Rxg2 gxf5
28. Rd2 Be5 29. Rd5 f6 30. Kg2 Kf7 31. Kf3 Ke6 32. Rd2 Rc6 33. a4 b5 34. axb5
axb5 35. c5 Rdc8 36. Be3 Rg8 37. Bf2 Rg4 38. Rb1 Ra6 39. Rc2 Rc6 40. Rb3 h5 41.
Rb1 f4 42. gxf4 Rxf4+ 43. Ke2 Re4+ 44. Kd3 f5 45. Ra2 dxc5 46. bxc5 b4 47. Ra8
Rc7 48. Re8+ Kf7 49. Rd8 Ra7 50. Be1 Ra3+ 51. Kc2 b3+ 52. Kd1 b2 0-1

[Event "XXIX European Club Cup"]
[Site "Rodi GRE"]
[Date "2013.10.22"]
[Round "3"]
[White "Rusev, Krasimir"]
[Black "Agopov, Mikael"]
[WhiteElo "2556"]
[BlackElo "2434"]
[Result "1/2-1/2"]
[PlyCount "81"]
[EventDate "2013.10.20"]

1. d4 Nf6 2. c4 g6 3. Nc3 d5 4. Bg5 Bg7 5. Bxf6 Bxf6 6. cxd5 c6 7. Rc1 O-O 8.
dxc6 Qxd4 9. Qxd4 Bxd4 10. cxb7 Bxb7 11. e3 Bg7 12. Nf3 Nd7 13. Bb5 Nc5 14. O-O
Rab8 15. Nd4 Ne4 16. Nxe4 Bxe4 17. a4 Rfd8 18. Nc6 Bxc6 19. Rxc6 a5 20. b3 e6
21. Rfc1 Bb2 22. Rb1 Rd2 23. Ra6 Bc3 24. Rc1 Bb2 25. Rb1 Bc3 26. g3 Rbd8 27.
Ra7 Rc2 28. Rc7 Rdd2 29. Rf1 Kf8 30. Kg2 h5 31. h4 Bb4 32. Rxc2 Rxc2 33. Kf3
Rb2 34. Bc4 Ke7 35. g4 hxg4+ 36. Kxg4 f5+ 37. Kf3 e5 38. Rd1 Rd2 39. Rxd2 Bxd2
40. Ke2 Bb4 41. f4 1/2-1/2